| 000 | 00679cab a2200229 4500 | ||
|---|---|---|---|
| 001 | WB3228-06 | ||
| 008 | 090401t1996 xxu||||| |||| 00| 0 eng d | ||
| 035 | _a(Sirsi) u56337 | ||
| 041 | _aeng | ||
| 245 | _aGypsum subsidence | ||
| 260 | _c1996 | ||
| 350 | _a0 | ||
| 490 |
_aDOE Press Release _v(310) 11 July 1996, (2) |
||
| 520 | _aSummarises results of investigations into the nature and causes of subsidence due to natural dissolution of gypsum, most prevalent in the Ripon area. | ||
| 650 | _aGYPSUM | ||
| 650 | _aPERMIAN ROCKS | ||
| 650 | _aRIPON | ||
| 650 | _aSUBSIDENCE | ||
| 690 | _aBUILT ENVIRONMENT-BUILDING PATHOLOGY | ||
| 942 | _n0 | ||
| 948 | _c04/03/1997 | ||
| 999 |
_c34356 _d34356 |
||